| 000 | 01134cam a22002651 4500 | ||
|---|---|---|---|
| 001 | gs 38000289 | ||
| 003 | DLC | ||
| 005 | 20260227111343.0 | ||
| 008 | 930119s1938 paub 000 0 eng | ||
| 010 | _ags 38000289 | ||
| 035 | _a(OCoLC)27737150 | ||
| 040 |
_aDLC _cMdBJ _dOCoLC _dDLC |
||
| 042 | _apremarc | ||
| 050 | 0 | 0 |
_aGB1025.P4 _bL62 |
| 100 | 1 |
_aLohman, Stanley William, _d1907- |
|
| 245 | 1 | 0 |
_aGround water in south-central Pennsylvania, _cby Stanley W. Lohman of the U. S. Geological survey with Analyses by E. W. Lohr. (Prepared in cooperation between the United States Geological survey and the Pennsylvania Topographic and geologic survey) |
| 260 |
_aHarrisburg, PA., _bDepartment of internal affairs, Topographic and geologic survey, _c1938. |
||
| 300 |
_avii, [1], 315 p. _bincl. illus., tables. fold. maps (2 in pocket) fold. diagr. _c24 cm. |
||
| 490 | 1 | _aPennsylvania. Geological survey, 4th (1919- ) Bulletin W5 | |
| 500 | _a"Published reports": p. 5-7. | ||
| 650 | 0 |
_aGroundwater _zPennsylvania. |
|
| 650 | 0 |
_aWater _xAnalysis. |
|
| 700 | 1 |
_aLohr, E. W. _q(Edwin Wallace), _d1897- |
|
| 830 | 0 |
_aBulletin W, _v5. |
|
| 999 |
_c27497 _d27497 |
||